[Event "TCh-FRA Top 12 2021"]
[Site "Chalons en Champagne FRA"]
[Date "2021.06.29"]
[Round "6.4"]
[Board "8"]
[White "Martsynovskaya, Marina"]
[Black "Benmesbah, Natacha"]
[Result "0-1"]
[WhiteTitle "WIM"]
[BlackTitle "WIM"]
[WhiteElo "2046"]
[BlackElo "2223"]
[WhiteTeam "C'Chartres Echecs"]
[BlackTeam "Clichy Echecs 92"]
[WhiteFideId "609218"]
[BlackFideId "642002"]
[EventDate "2021.06.24"]

1. e4 c5 2. Nf3 Nc6 3. d4 cxd4 4. Nxd4 Nf6 5. Nc3 g6 6. Be2 Bg7 7. Be3 O-O 8.
O-O d5 9. exd5 Nb4 10. d6 Qxd6 11. Ncb5 Qb8 12. c4 e5 13. Nf3 Na6 14. Qa4 Ng4
15. h3 Nxe3 16. fxe3 e4 17. Nfd4 Qg3 18. Rf2 Be5 19. Kf1 Qh2 20. Ke1 Qg1+ 21.
Rf1 Qxe3 0-1

[Event "TCh-FRA Top 12 2021"]
[Site "Chalons en Champagne FRA"]
[Date "2021.06.29"]
[Round "6.5"]
[Board "1"]
[White "Alekseenko, Kirill"]
[Black "Heimann, Andreas"]
[Result "0-1"]
[WhiteTitle "GM"]
[BlackTitle "GM"]
[WhiteElo "2699"]
[BlackElo "2599"]
[WhiteTeam "Asnieres Le Grand Echiquier"]
[BlackTeam "Philidor Mulhouse"]
[WhiteFideId "4135539"]
[BlackFideId "24624632"]
[EventDate "2021.06.24"]

1. e4 e5 2. Nf3 Nc6 3. Bb5 Nf6 4. d3 Bc5 5. Bg5 h6 6. Bh4 Be7 7. Nc3 d6 8. d4
Bd7 9. d5 Nb8 10. Qe2 O-O 11. Bxf6 Bxf6 12. Bxd7 Nxd7 13. h4 Be7 14. O-O-O f5
15. exf5 Rxf5 16. Ne4 Qe8 17. Nfd2 Qf7 18. Qd3 Nb6 19. Nc4 Rf4 20. Nxb6 axb6 21.
g3 Rf3 22. Qc4 c6 23. c3 Ra5 24. Nd2 Rxd5 25. Rhf1 Rxf2 26. Rxf2 Qxf2 27. Qg4
Bf8 28. Qc8 e4 29. Qe6+ Qf7 30. Qxe4 Re5 31. Qd4 Qxa2 32. Rf1 Be7 33. Kc2 b5 34.
Qb6 Qa4+ 35. Kb1 b4 36. cxb4 Qb5 37. Qf2 Bf6 0-1

[Event "TCh-FRA Top 12 2021"]
[Site "Chalons en Champagne FRA"]
[Date "2021.06.29"]
[Round "6.5"]
[Board "2"]
[White "Bluebaum, Matthias"]
[Black "Oparin, Grigoriy"]
[Result "1/2-1/2"]
[WhiteTitle "GM"]
[BlackTitle "GM"]
[WhiteElo "2669"]
[BlackElo "2654"]
[WhiteTeam "Philidor Mulhouse"]
[BlackTeam "Asnieres Le Grand Echiquier"]
[WhiteFideId "24651516"]
[BlackFideId "24125890"]
[EventDate "2021.06.24"]

1. d4 Nf6 2. Nf3 e6 3. g3 d5 4. Bg2 Be7 5. c4 O-O 6. Qd3 b6 7. cxd5 Nxd5 8. Nc3
Ba6 9. Qc2 c5 10. O-O Nc6 11. Qa4 Qc8 12. Nxd5 exd5 13. Re1 Bf6 14. dxc5 bxc5
15. Bg5 Bxb2 16. Rab1 Rb8 17. Qc2 Nd4 18. Nxd4 Bxd4 19. Rxb8 Qxb8 20. e3 Be5 21.
Qxc5 Bc4 22. Bxd5 Rc8 23. Qa5 Bc3 24. Qxc3 Bxd5 25. Qd2 Qa8 26. Rd1 Bf3 27. Qd8+
Rxd8 28. Rxd8+ Qxd8 29. Bxd8 f5 1/2-1/2

[Event "TCh-FRA Top 12 2021"]
[Site "Chalons en Champagne FRA"]
[Date "2021.06.29"]
[Round "6.5"]
[Board "3"]
[White "Cornette, Matthieu"]
[Black "Istratescu, Andrei"]
[Result "1/2-1/2"]
[WhiteTitle "GM"]
[BlackTitle "GM"]
[WhiteElo "2566"]
[BlackElo "2553"]
[WhiteTeam "Asnieres Le Grand Echiquier"]
[BlackTeam "Philidor Mulhouse"]
[WhiteFideId "620084"]
[BlackFideId "1200372"]
[EventDate "2021.06.24"]

1. e4 e5 2. Nf3 Nf6 3. Nxe5 d6 4. Nf3 Nxe4 5. d4 d5 6. Bd3 Be7 7. O-O Nc6 8.
Nbd2 Nxd2 9. Bxd2 Bg4 10. c3 O-O 11. h3 Bh5 12. g3 Re8 13. Kg2 Qd7 14. Re1 Bg6
15. Bxg6 hxg6 16. Bf4 Bd6 17. Bxd6 Qxd6 18. Qd3 a6 19. h4 Qd7 20. Ng5 Rxe1 21.
Rxe1 Re8 22. Rxe8+ Qxe8 23. Qf3 Qd7 24. Nh3 Nd8 25. Nf4 c6 26. Qe3 Kf8 27. Nd3
Ne6 28. Ne5 Qe7 29. Qf3 Ke8 30. h5 gxh5 31. Qxh5 g6 32. Qh3 Qf6 33. b4 Qf5 34.
Qxf5 gxf5 35. a4 Ng5 36. f3 Ke7 37. a5 Ne6 38. Kf2 Nc7 39. Ke2 Nb5 40. Kd2 Nd6
41. Nd3 f6 42. Nc5 Kf7 43. Ke3 Ke7 44. Nd3 Kf7 45. Nf4 Ke7 46. Ng2 Kf7 47. Kd3
Nc4 48. Ke2 Ke7 1/2-1/2

[Event "TCh-FRA Top 12 2021"]
[Site "Chalons en Champagne FRA"]
[Date "2021.06.29"]
[Round "6.5"]
[Board "4"]
[White "Gajewski, Grzegorz"]
[Black "Movsesian, Sergei"]
[Result "1/2-1/2"]
[WhiteTitle "GM"]
[BlackTitle "GM"]
[WhiteElo "2603"]
[BlackElo "2647"]
[WhiteTeam "Philidor Mulhouse"]
[BlackTeam "Asnieres Le Grand Echiquier"]
[WhiteFideId "1116207"]
[BlackFideId "310204"]
[EventDate "2021.06.24"]

1. d4 Nf6 2. c4 e6 3. Nf3 Bb4+ 4. Nbd2 a5 5. a3 Be7 6. e4 d5 7. e5 Nfd7 8. Bd3
c5 9. O-O Nc6 10. Re1 O-O 11. Bc2 cxd4 12. cxd5 exd5 13. Nb3 g6 14. Bh6 Re8 15.
e6 fxe6 16. Rxe6 Nf8 17. Re1 Bf6 18. Rxe8 Qxe8 19. Qd2 Ne6 20. Re1 Qf7 21. Nc1
Nc5 22. Ne2 d3 23. Bxd3 Bg4 24. Ng5 Bxg5 25. Bxg5 Nxd3 26. Qxd3 Re8 27. f3 Bf5
28. Qd2 d4 29. Ng3 Rxe1+ 30. Qxe1 Qd7 31. h4 1/2-1/2

[Event "TCh-FRA Top 12 2021"]
[Site "Chalons en Champagne FRA"]
[Date "2021.06.29"]
[Round "6.5"]
[Board "5"]
[White "Moussard, Jules"]
[Black "Sokolov, Andrei1"]
[Result "1/2-1/2"]
[WhiteTitle "GM"]
[BlackTitle "GM"]
[WhiteElo "2635"]
[BlackElo "2490"]
[WhiteTeam "Asnieres Le Grand Echiquier"]
[BlackTeam "Philidor Mulhouse"]
[WhiteFideId "642908"]
[BlackFideId "627089"]
[EventDate "2021.06.24"]

1. e4 c5 2. Nf3 e6 3. d4 cxd4 4. Nxd4 Nf6 5. Nc3 d6 6. g4 h6 7. Rg1 Nc6 8. Be3
Bd7 9. h4 h5 10. gxh5 Rxh5 11. Bg5 Rh8 12. Qd2 a6 13. O-O-O Qb6 14. Nb3 Qc7 15.
f4 Nh7 16. Be2 Nxg5 17. hxg5 g6 18. Rh1 Rxh1 19. Rxh1 Bg7 20. Kb1 Ne7 21. Nd1
O-O-O 22. Rh7 Rg8 23. Ne3 Bc6 24. Bd3 Kb8 25. a3 f5 26. gxf6 Bxf6 27. e5 dxe5
28. Ng4 Bg7 29. fxe5 Nf5 30. Nc5 Rh8 31. Nxe6 Qe7 32. Rxh8+ Bxh8 33. Bc4 Bf3 34.
Nf6 Bc6 35. Qg5 Nd6 36. Nc5 Ka7 37. Bb3 Ne8 38. Qg1 Nxf6 39. exf6 Qxf6 40. c3
Kb8 41. Ne6 Qf5+ 42. Ka2 Bd5 43. Qb6 Bxb3+ 44. Kxb3 Qd5+ 45. Kc2 Qe4+ 46. Kb3
Qd5+ 47. Kc2 Qe4+ 48. Kb3 1/2-1/2

[Event "TCh-FRA Top 12 2021"]
[Site "Chalons en Champagne FRA"]
[Date "2021.06.29"]
[Round "6.5"]
[Board "6"]
[White "Riff, Jean-Noel"]
[Black "Gozzoli, Yannick"]
[Result "1/2-1/2"]
[WhiteTitle "GM"]
[BlackTitle "GM"]
[WhiteElo "2499"]
[BlackElo "2600"]
[WhiteTeam "Philidor Mulhouse"]
[BlackTeam "Asnieres Le Grand Echiquier"]
[WhiteFideId "611190"]
[BlackFideId "616915"]
[EventDate "2021.06.24"]

1. e4 Nf6 2. e5 Nd5 3. d4 d6 4. c4 Nb6 5. exd6 cxd6 6. Nc3 g6 7. Be3 Bg7 8. Rc1
O-O 9. b3 d5 10. c5 e5 11. cxb6 Nc6 12. Nge2 exd4 13. Nxd4 Bxd4 14. Bxd4 Qh4 15.
Ne2 axb6 16. Qd2 Re8 17. Be3 d4 18. Nxd4 Qxd4 19. Bd3 Bf5 20. Bxf5 gxf5 21. Qxd4
Nxd4 22. Rc4 Nxb3 23. O-O Rxe3 24. fxe3 Nd2 25. Rb4 Nxf1 26. Kxf1 Rxa2 27. Rxb6 1/2-1/2

[Event "TCh-FRA Top 12 2021"]
[Site "Chalons en Champagne FRA"]
[Date "2021.06.29"]
[Round "6.5"]
[Board "7"]
[White "Degraeve, Jean-Marc"]
[Black "Frederic, Clement"]
[Result "1-0"]
[WhiteTitle "GM"]
[WhiteElo "2527"]
[BlackElo "2242"]
[WhiteTeam "Asnieres Le Grand Echiquier"]
[BlackTeam "Philidor Mulhouse"]
[WhiteFideId "600270"]
[BlackFideId "637319"]
[EventDate "2021.06.24"]

1. e4 e6 2. d4 d5 3. Nd2 Nf6 4. e5 Nfd7 5. Bd3 c5 6. c3 Nc6 7. Ngf3 g6 8. h4 h6
9. Bc2 b6 10. O-O g5 11. hxg5 hxg5 12. g4 Qc7 13. Re1 Bb7 14. Nf1 Be7 15. a3
O-O-O 16. b4 Rdg8 17. Rb1 Nf8 18. Be3 c4 19. Ng3 Qd8 20. Kg2 Ng6 21. Bxg6 Rxg6
22. Rh1 f6 23. b5 Nb8 24. Rxh8 Qxh8 25. exf6 Bxf6 26. Qd2 Nd7 27. Rh1 Qg8 28.
Rh5 Be7 29. Bxg5 Bxa3 30. Bf4 Rxg4 31. Ne5 Nf6 32. Rh1 Ne4 33. Qe3 Rg7 34. Kf1
Nxg3+ 35. Bxg3 Bd6 36. Ng6 Rxg6 37. Bxd6 Qf7 38. Bg3 Qf6 39. Rh7 Rg7 40. Rh8+
Kd7 41. Be5 Qg6 42. Bxg7 Qxg7 43. Qh3 Qg6 44. Qh7+ Qxh7 45. Rxh7+ Kc8 46. Re7 a5
47. bxa6 Bxa6 48. Rxe6 Kc7 49. f4 Bc8 50. Re5 Kd6 51. f5 b5 52. Ke2 1-0

[Event "TCh-FRA Top 12 2021"]
[Site "Chalons en Champagne FRA"]
[Date "2021.06.29"]
[Round "6.5"]
[Board "8"]
[White "Navrotescu, Andreea"]
[Black "Guichard, Pauline"]
[Result "0-1"]
[WhiteTitle "WIM"]
[BlackTitle "IM"]
[WhiteElo "2253"]
[BlackElo "2413"]
[WhiteTeam "Philidor Mulhouse"]
[BlackTeam "Asnieres Le Grand Echiquier"]
[WhiteFideId "675946"]
[BlackFideId "639370"]
[EventDate "2021.06.24"]

1. c4 Nf6 2. Nc3 e6 3. e4 d5 4. e5 d4 5. exf6 dxc3 6. bxc3 Qxf6 7. d4 b6 8. Be2
Bb7 9. Bf3 Bxf3 10. Nxf3 Bd6 11. Qa4+ c6 12. O-O O-O 13. Rb1 Bc7 14. Be3 Rc8 15.
Kh1 Qf5 16. Rfd1 Qe4 17. Rbc1 Nd7 18. Ng5 Qh4 19. g3 Qh5 20. Qxc6 Bxg3 21. Qg2
Bd6 22. c5 Bf8 23. c6 Nf6 24. c4 Bd6 25. d5 exd5 26. cxd5 Re8 27. Rg1 g6 28.
Rcd1 Ng4 29. Qh3 Qxh3 30. Nxh3 Nxe3 31. fxe3 Rxe3 32. Kg2 Re2+ 33. Kf3 Rae8 34.
Rd3 Rxh2 35. Nf2 f5 36. Rc3 Re7 37. Rgc1 g5 38. c7 g4+ 39. Nxg4 fxg4+ 40. Kxg4
h5+ 41. Kg5 Re5+ 42. Kg6 Rg2+ 43. Kf6 Kh7 44. c8=Q Rf2+ 45. Qf5+ Rfxf5# 0-1

[Event "TCh-FRA Top 12 2021"]
[Site "Chalons en Champagne FRA"]
[Date "2021.06.29"]
[Round "6.6"]
[Board "1"]
[White "Eugene, Floryan"]
[Black "Fedorchuk, Sergey A."]
[Result "1/2-1/2"]
[WhiteTitle "FM"]
[BlackTitle "GM"]
[WhiteElo "2343"]
[BlackElo "2616"]
[WhiteTeam "Echiquier de l'Erdre"]
[BlackTeam "Echiquier Chalonnais"]
[WhiteFideId "20694784"]
[BlackFideId "14102536"]
[EventDate "2021.06.24"]

1. e4 c5 2. Nf3 e6 3. Nc3 Nc6 4. d4 cxd4 5. Nxd4 Qc7 6. Be3 a6 7. Qf3 Ne5 8. Qg3
h5 9. Nf5 f6 10. O-O-O exf5 11. Nd5 Qc6 12. Bb6 fxe4 13. Nc7+ Kf7 14. Qb3+ d5
15. Nxa8 Ne7 16. Nc7 Kg6 17. Ba5 Bg4 18. Rd2 Nc4 19. Bxc4 dxc4 20. Qb6 Qa4 21.
Nd5 Qxa2 22. Nc3 Qa1+ 23. Nb1 Nc8 24. Qd8 Ba3 25. Qd4 Bxb2+ 26. Qxb2 Qxa5 27.
Qxb7 Nb6 28. Re1 c3 29. Rd4 Bf5 30. Re3 h4 31. Rxc3 Na4 32. Rd5 Qb6 33. Qxb6
Nxb6 34. Rd6 Nd7 35. Rxa6 Ne5 36. h3 Rh5 37. Nd2 Rg5 38. g4 hxg3 39. fxg3 Bxh3
40. Nxe4 Rf5 41. Rc7 Kh6 42. Raa7 Bg2 43. Nd6 Rf1+ 44. Kb2 g6 45. Nf7+ Nxf7 46.
Rxf7 Kg5 47. Ra4 f5 48. Rg7 Kh6 49. Rg8 Bd5 50. Rh8+ Kg5 51. Ra6 Rf2 52. Rd6 Be4
53. Rc8 Kh5 54. Rh8+ Kg5 55. Rc8 Rg2 56. Rg8 Rxc2+ 57. Kb3 f4 58. Rgxg6+ Bxg6
59. gxf4+ Kxf4 60. Rxg6 Rc8 1/2-1/2

[Event "TCh-FRA Top 12 2021"]
[Site "Chalons en Champagne FRA"]
[Date "2021.06.29"]
[Round "6.6"]
[Board "2"]
[White "Grandelius, Nils"]
[Black "Duboue, Peio"]
[Result "1-0"]
[WhiteTitle "GM"]
[BlackTitle "FM"]
[WhiteElo "2670"]
[BlackElo "2412"]
[WhiteTeam "Echiquier Chalonnais"]
[BlackTeam "Echiquier de l'Erdre"]
[WhiteFideId "1710400"]
[BlackFideId "654833"]
[EventDate "2021.06.24"]

1. d4 d6 2. g3 e5 3. dxe5 dxe5 4. Qxd8+ Kxd8 5. Nc3 Nf6 6. Bg5 c6 7. Nf3 Nd7 8.
Bh3 Kc7 9. Bxf6 gxf6 10. a3 b5 11. O-O a5 12. Nh4 Nb6 13. Bxc8 Rxc8 14. Ne4 a4
15. Rfd1 Nc4 16. Rab1 Nd6 17. Nxd6 Bxd6 18. Kf1 Rhd8 19. e3 Rb8 20. Nf5 Bf8 21.
Rxd8 Rxd8 22. Ke2 Kb6 23. g4 Kc5 24. h4 Kc4 25. Ng3 Bxa3 26. bxa3 Kc3 27. Rd1
Ra8 28. Ne4+ Kxc2 29. Rd2+ Kb3 30. Rd3+ Kb2 31. Kd2 Rc8 32. Nc5 e4 33. Nxe4 c5
34. Nc3 Kxa3 35. Nxb5+ Kb2 36. Nd6 1-0

[Event "TCh-FRA Top 12 2021"]
[Site "Chalons en Champagne FRA"]
[Date "2021.06.29"]
[Round "6.6"]
[Board "3"]
[White "Real, Thibault"]
[Black "Anton Guijarro, David"]
[Result "0-1"]
[WhiteTitle "FM"]
[BlackTitle "GM"]
[WhiteElo "2267"]
[BlackElo "2673"]
[WhiteTeam "Echiquier de l'Erdre"]
[BlackTeam "Echiquier Chalonnais"]
[WhiteFideId "205559"]
[BlackFideId "2285525"]
[EventDate "2021.06.24"]

1. d4 Nf6 2. c4 e6 3. Nf3 d5 4. e3 Be7 5. Nc3 O-O 6. Bd3 dxc4 7. Bxc4 c5 8. O-O
a6 9. dxc5 Bxc5 10. a3 b5 11. Ba2 Bb7 12. Qe2 Nbd7 13. Rd1 Qc7 14. h3 Ne5 15.
Nd4 Rfd8 16. Qf1 Ng6 17. Nce2 e5 18. Nf5 Rxd1 19. Qxd1 Rd8 20. Qf1 Bb6 21. b4
Qc6 22. Bb3 Qc8 23. Neg3 Qc3 24. Rb1 h5 25. h4 Kf8 26. Bd1 Qc8 27. Bb2 Qe6 28.
Ba1 Ne4 29. Bb3 Qf6 30. Rc1 Nxh4 31. Nxh4 Qxh4 32. Nxe4 Qxe4 33. Bd1 Qf5 34. a4
bxa4 35. b5 a5 36. Bxa4 h4 37. Bd1 Qg5 38. Kh2 Kg8 39. f4 Qg3+ 0-1

[Event "TCh-FRA Top 12 2021"]
[Site "Chalons en Champagne FRA"]
[Date "2021.06.29"]
[Round "6.6"]
[Board "4"]
[White "Jones, Gawain C B"]
[Black "Hutois, Mickael"]
[Result "1-0"]
[WhiteTitle "GM"]
[BlackTitle "FM"]
[WhiteElo "2677"]
[BlackElo "2261"]
[WhiteTeam "Echiquier Chalonnais"]
[BlackTeam "Echiquier de l'Erdre"]
[WhiteFideId "409561"]
[BlackFideId "652091"]
[EventDate "2021.06.24"]

1. Nf3 Nf6 2. c4 e6 3. g3 d5 4. Bg2 Be7 5. O-O O-O 6. b3 c6 7. Bb2 Nbd7 8. d3 b5
9. Qc2 Bb7 10. e4 Qb6 11. Re1 Rfd8 12. Nbd2 dxc4 13. bxc4 Nc5 14. d4 Na4 15. e5
Ne8 16. c5 Qa5 17. Nb3 Qc7 18. Bc1 a5 19. Nbd2 f5 20. exf6 Bxf6 21. Ne4 h6 22.
Bf4 Qe7 23. Bh3 Bc8 24. Ne5 Ra6 25. Rad1 g5 26. Ng4 Bg7 27. Bd6 Qf7 28. Ne5 Qb7
29. Qb3 Nc7 30. Be7 Rd5 31. Nd6 Qb8 32. Qf3 1-0

[Event "TCh-FRA Top 12 2021"]
[Site "Chalons en Champagne FRA"]
[Date "2021.06.29"]
[Round "6.6"]
[Board "5"]
[White "Le Pen, Steven"]
[Black "Guilleux, Fabien"]
[Result "0-1"]
[BlackTitle "IM"]
[WhiteElo "2107"]
[BlackElo "2448"]
[WhiteTeam "Echiquier de l'Erdre"]
[BlackTeam "Echiquier Chalonnais"]
[WhiteFideId "612197"]
[BlackFideId "657883"]
[EventDate "2021.06.24"]

1. e4 c5 2. Nf3 d6 3. d4 cxd4 4. Nxd4 Nf6 5. Nc3 a6 6. Be3 e6 7. g4 e5 8. Nf5
Nc6 9. g5 Nxe4 10. Nxg7+ Bxg7 11. Nxe4 d5 12. Ng3 d4 13. Bd2 Qd5 14. Rg1 Be6 15.
c4 dxc3 16. Bxc3 Qxd1+ 17. Rxd1 Nd4 18. Bxd4 exd4 19. Nh5 Be5 20. f4 Bc7 21. b3
O-O-O 22. Be2 Ba5+ 23. Kf1 Bh3+ 24. Kf2 d3 25. Bg4+ Bxg4 26. Rxg4 Rhe8 27. Rg2
d2 0-1

[Event "TCh-FRA Top 12 2021"]
[Site "Chalons en Champagne FRA"]
[Date "2021.06.29"]
[Round "6.6"]
[Board "6"]
[White "David, Alberto"]
[Black "De Pierrefeu, Thibaut"]
[Result "1-0"]
[WhiteTitle "GM"]
[WhiteElo "2527"]
[BlackElo "2205"]
[WhiteTeam "Echiquier Chalonnais"]
[BlackTeam "Echiquier de l'Erdre"]
[WhiteFideId "4000013"]
[BlackFideId "2109093"]
[EventDate "2021.06.24"]

1. Nf3 Nf6 2. g3 e6 3. Bg2 d5 4. O-O Be7 5. d3 O-O 6. Nbd2 Nc6 7. d4 a5 8. c3 a4
9. Qc2 b5 10. e4 b4 11. Re1 a3 12. Ne5 Nxe5 13. dxe5 Ng4 14. h3 Nxf2 15. exd5
exd5 16. Kxf2 Bc5+ 17. Ke2 Ba6+ 18. Kd1 axb2 19. Bxb2 bxc3 20. Qxc3 Bf2 21. e6
d4 22. Qc5 fxe6 23. Rxe6 Bc8 24. Re7 Rb8 25. Qe5 Rf6 26. Re8+ 1-0

[Event "TCh-FRA Top 12 2021"]
[Site "Chalons en Champagne FRA"]
[Date "2021.06.29"]
[Round "6.6"]
[Board "7"]
[White "Prodhomme, Boris"]
[Black "Bournel, Antoine"]
[Result "0-1"]
[WhiteElo "2031"]
[BlackElo "2293"]
[WhiteTeam "Echiquier de l'Erdre"]
[BlackTeam "Echiquier Chalonnais"]
[WhiteFideId "640034"]
[BlackFideId "26093553"]
[EventDate "2021.06.24"]

1. d4 Nf6 2. Nf3 d5 3. c4 e6 4. Nc3 Bb4 5. Bg5 dxc4 6. e4 b5 7. Qc2 h6 8. Be3
Bb7 9. e5 Nd5 10. Be2 Nd7 11. O-O a6 12. Nxd5 Bxd5 13. Nd2 c5 14. Ne4 cxd4 15.
Bxd4 Qc7 16. f4 O-O 17. Rad1 Rad8 18. Bf3 Bc5 19. Nxc5 Nxc5 20. b4 Na4 21. Qf2
a5 22. Bxd5 Rxd5 23. f5 exf5 24. bxa5 Qxa5 25. Qxf5 Qd8 26. Qe4 Nc3 27. Bxc3
Rxd1 28. Be1 Qd3 29. Qf4 Qd4+ 30. Qxd4 Rxd4 31. Bb4 Rc8 0-1

[Event "TCh-FRA Top 12 2021"]
[Site "Chalons en Champagne FRA"]
[Date "2021.06.29"]
[Round "6.6"]
[Board "8"]
[White "Alexieva, Silvia"]
[Black "Ruhlmann, Helene"]
[Result "1-0"]
[WhiteTitle "IM"]
[WhiteElo "2271"]
[BlackElo "1816"]
[WhiteTeam "Echiquier Chalonnais"]
[BlackTeam "Echiquier de l'Erdre"]
[WhiteFideId "2902265"]
[BlackFideId "20643209"]
[EventDate "2021.06.24"]

1. Nf3 d5 2. d4 Nf6 3. g3 e6 4. Bg2 Be7 5. O-O O-O 6. c4 dxc4 7. Qc2 a6 8. a4
Bd7 9. Qxc4 Bc6 10. Bg5 b5 11. Qc2 Be4 12. Qc1 b4 13. Nbd2 Bb7 14. Qc2 Nbd7 15.
e4 Rc8 16. e5 Nd5 17. Bxe7 Nxe7 18. Ng5 Nf5 19. Bxb7 Rb8 20. Nxh7 Rxb7 21. Nxf8
Nxf8 22. Qe4 Rb8 23. Nb3 Ng6 24. Rac1 Nge7 25. Rc5 Qd7 26. Ra5 Nc6 27. Rxa6
Ncxd4 28. Nxd4 Qxd4 29. Qxd4 Nxd4 30. Kg2 c5 31. Rc1 Nb3 32. Rc4 Rd8 33. Rd6 Rc8
34. Rd7 Kf8 35. Rf4 1-0

[Event "TCh-FRA Top 12 2021"]
[Site "Chalons en Champagne FRA"]
[Date "2021.06.30"]
[Round "7.1"]
[Board "1"]
[White "Kasimdzhanov, Rustam"]
[Black "Duboue, Peio"]
[Result "1-0"]
[WhiteTitle "GM"]
[BlackTitle "FM"]
[WhiteElo "2662"]
[BlackElo "2412"]
[WhiteTeam "Vandoeuvre Echecs"]
[BlackTeam "Echiquier de l'Erdre"]
[WhiteFideId "14200244"]
[BlackFideId "654833"]
[EventDate "2021.06.24"]

1. Nf3 d5 2. g3 g6 3. c4 dxc4 4. Na3 Bg7 5. Nxc4 Nc6 6. d3 e5 7. Bd2 a5 8. Bg2
Nge7 9. Qc1 Nf5 10. O-O O-O 11. Re1 a4 12. Rb1 Re8 13. h4 Ncd4 14. Nxd4 Nxd4 15.
Bg5 Qd7 16. Nd2 h6 17. Be3 Nf5 18. Bc5 Nd4 19. Bxd4 exd4 20. Qc2 Qe7 21. b3 axb3
22. Rxb3 c6 23. a4 Be6 24. Rb6 Ra7 25. Reb1 Bg4 26. Bf3 Bxf3 27. exf3 Qe2 28.
Kg2 Re3 29. R6b2 Rxd3 30. Qc4 b5 31. axb5 cxb5 32. Qxb5 Re7 33. Qb8+ Kh7 34. Qd8
Re8 35. Qa5 Rc3 36. Qd5 Qe6 37. Qxe6 Rxe6 38. Rb7 Kg8 39. Rd7 Rc8 40. Rbb7 Rf8
41. Rd5 Ree8 42. Rbd7 Re2 43. Ne4 f5 44. Nc5 Rf7 45. Rxf7 Kxf7 46. h5 Re5 47.
Rd7+ Kf8 48. Nd3 Re7 49. Rd5 Kf7 50. Nf4 gxh5 51. Rxf5+ Ke8 52. Rxh5 Rd7 53. Nd3
Ke7 54. f4 Kd6 55. Kf3 Ra7 56. Ke4 Ra2 57. Rd5+ Ke7 58. Kf5 Rd2 59. Nc5 Ke8 60.
Kg6 Bf8 61. Ne4 1-0

[Event "TCh-FRA Top 12 2021"]
[Site "Chalons en Champagne FRA"]
[Date "2021.06.30"]
[Round "7.1"]
[Board "2"]
[White "Hutois, Mickael"]
[Black "Solodovnichenko, Yuri"]
[Result "0-1"]
[WhiteTitle "FM"]
[BlackTitle "GM"]
[WhiteElo "2261"]
[BlackElo "2546"]
[WhiteTeam "Echiquier de l'Erdre"]
[BlackTeam "Vandoeuvre Echecs"]
[WhiteFideId "652091"]
[BlackFideId "14104369"]
[EventDate "2021.06.24"]

1. e4 c5 2. Nf3 e6 3. d4 cxd4 4. Nxd4 Nf6 5. Nc3 d6 6. Be3 a6 7. Qe2 b5 8. a3
Bb7 9. f3 Nc6 10. g4 Be7 11. h4 Nd7 12. g5 Nde5 13. Bh3 Nc4 14. Nxe6 fxe6 15.
Bxe6 Nxe3 16. Qxe3 Qb8 17. O-O-O Qa7 18. Qd2 Bc8 19. Bd5 Bd7 20. f4 O-O-O 21. f5
Ne5 22. Ne2 h6 23. Rhg1 hxg5 24. hxg5 Rh2 25. Rg3 Kb8 26. a4 Rc8 27. Kb1 Qb6 28.
f6 gxf6 29. g6 Bg4 30. Rxg4 Nxg4 31. Qf4 Rxe2 32. Qxg4 Rcxc2 33. g7 Rxb2+ 34.
Ka1 Rb1+ 0-1

[Event "TCh-FRA Top 12 2021"]
[Site "Chalons en Champagne FRA"]
[Date "2021.06.30"]
[Round "7.1"]
[Board "3"]
[White "Hamitevici, Vladimir"]
[Black "Real, Thibault"]
[Result "1-0"]
[WhiteTitle "GM"]
[BlackTitle "FM"]
[WhiteElo "2456"]
[BlackElo "2267"]
[WhiteTeam "Vandoeuvre Echecs"]
[BlackTeam "Echiquier de l'Erdre"]
[WhiteFideId "13902393"]
[BlackFideId "205559"]
[EventDate "2021.06.24"]

1. Nf3 d5 2. g3 Nf6 3. Bg2 b5 4. O-O e6 5. d3 Be7 6. e4 O-O 7. Re1 c5 8. exd5
exd5 9. c4 Bb7 10. cxb5 a6 11. bxa6 Rxa6 12. Ne5 Nfd7 13. Nxd7 Qxd7 14. Nc3 d4
15. Bxb7 Qxb7 16. Na4 c4 17. dxc4 Bb4 18. Re5 Qc7 19. Bf4 Qxc4 20. b3 Qc8 21.
Rc1 Qd7 22. Qd3 Rf6 23. Rh5 Rg6 24. Rb5 Bd6 25. Rd5 Qe7 26. Qxd4 Bxf4 27. Qxf4
Nc6 28. Nc5 Qe2 29. Qd2 Qg4 30. Qd1 Qh3 31. Rh5 Qc8 32. Nd7 Re8 33. Ne5 Rge6 34.
Qc2 g6 35. Nxc6 gxh5 36. Ne7+ R6xe7 37. Qxc8 Rxc8 38. Rxc8+ Kg7 39. Rb8 1-0

[Event "TCh-FRA Top 12 2021"]
[Site "Chalons en Champagne FRA"]
[Date "2021.06.30"]
[Round "7.1"]
[Board "4"]
[White "Eugene, Floryan"]
[Black "Brunner, Nicolas"]
[Result "1/2-1/2"]
[WhiteTitle "FM"]
[BlackTitle "IM"]
[WhiteElo "2343"]
[BlackElo "2418"]
[WhiteTeam "Echiquier de l'Erdre"]
[BlackTeam "Vandoeuvre Echecs"]
[WhiteFideId "20694784"]
[BlackFideId "620246"]
[EventDate "2021.06.24"]

1. e4 c5 2. Nf3 d6 3. d4 cxd4 4. Nxd4 Nf6 5. Nc3 a6 6. h3 e5 7. Nb3 Be6 8. Be3
Be7 9. Qf3 O-O 10. O-O-O b5 11. g4 b4 12. Nd5 Nxd5 13. exd5 Bc8 14. Bd3 a5 15.
Nd2 Nd7 16. h4 a4 17. g5 Ba6 18. Bf5 b3 19. axb3 axb3 20. Nxb3 Nb6 21. h5 Nc4
22. Bxh7+ Kxh7 23. g6+ Kg8 24. h6 fxg6 25. Qg4 Nxe3 26. Qe6+ Rf7 27. fxe3 Qf8
28. Rdg1 g5 29. e4 Bc4 30. hxg7 Qxg7 31. Rh6 Bxb3 32. Kd2 Bf6 33. Rgh1 g4 34.
Kd3 Rf8 35. cxb3 g3 1/2-1/2